Przesuwające się flagi województw - Statystyki

Ogólne statystyki
  • Ten quiz został rozwiązany 40 razy
  • Średni wynik to 7 z 10
Statystyki odpowiedzi
Województwo % Poprawnych
śląskie
84%
pomorskie
78%
lubelskie
75%
mazowieckie
72%
opolskie
69%
lubuskie
66%
podlaskie
59%
zachodniopomorskie
56%
kujawsko-pomorskie
50%
łódzkie
41%
Nie znaleziono quizów pasujących do podanych kryteriów
Rozkład punktacji
Procent ludzi z każdym wynikiem
Percentyl według liczby udzielonych odpowiedzi
Twoja historia wyników
Nie rozwiązałeś tego quizu